[Event "4NCL Online Division 6"]
[Site "online"]
[Date "2020.11.03"]
[Round "6.32"]
[White "Punnett, Alan K"]
[Black "Brightley-Davies, Ciaran"]
[Result "1-0"]
[WhiteElo "2102"]
[BlackElo "1592"]
[PlyCount "109"]
[EventDate "2020.11.03"]
[WhiteTeam "Guildford Castles"]
[BlackTeam "Kent KJCA Kestrels E"]

1. e4 e6 2. d4 d5 3. Nc3 dxe4 4. Nxe4 Bd7 5. Nf3 Bc6 6. Bd3 Nd7 7. O-O Ngf6 8.
Ng3 Bd6 9. b3 h6 10. Bb2 O-O 11. c4 b6 12. Ne5 Bxe5 13. dxe5 Nh7 14. Qc2 f5 15.
exf6 Nhxf6 16. Rad1 Qe7 17. Qe2 Qf7 18. Bb1 Rae8 19. Ba3 Nc5 20. Bxc5 bxc5 21.
Ne4 Rd8 22. f3 Bxe4 23. Bxe4 Rd4 24. Rxd4 cxd4 25. Bd3 Nd7 26. Qe4 Qf6 27. b4
Ne5 28. Rd1 Nxd3 29. Rxd3 e5 30. c5 Qf5 31. Qxf5 Rxf5 32. Kf2 g5 33. Ke2 Kf7
34. Ra3 Ke6 35. Rxa7 c6 36. Rc7 Kd5 37. Kd3 Rf4 38. Rd7+ Ke6 39. Rd6+ Kf5 40.
g4+ Rxg4 41. fxg4+ Kxg4 42. Rxh6 Kf3 43. b5 e4+ 44. Kxd4 e3 45. bxc6 e2 46. Re6
e1=Q 47. Rxe1 g4 48. c7 g3 49. hxg3 Kxg3 50. c8=Q Kf2 51. Re3 Kg2 52. Qg4+ Kf2
53. Qf4+ Kg2 54. Rg3+ Kh2 55. Qh4# 1-0

[Event "4NCL Online Division 6"]
[Site "online"]
[Date "2020.11.03"]
[Round "6.33"]
[White "Langley, Anthony M"]
[Black "White, Nigel"]
[Result "0-1"]
[WhiteElo "1577"]
[BlackElo "2095"]
[PlyCount "76"]
[EventDate "2020.11.03"]
[WhiteTeam "Kent KJCA Kestrels E"]
[BlackTeam "Guildford Castles"]

1. Nf3 c5 2. c4 Nc6 3. Nc3 g6 4. e4 Bg7 5. g3 e5 6. d3 Nge7 7. Be3 d6 8. b3 O-O
9. Bg2 h6 10. Qd2 Kh7 11. h4 Bg4 12. Nh2 Be6 13. g4 Nd4 14. Ne2 Rb8 15. Ng3 b5
16. O-O Nec6 17. h5 Qc8 18. f3 Qd8 19. hxg6+ fxg6 20. g5 h5 21. Rf2 Rf7 22.
Raf1 a5 23. f4 exf4 24. Rxf4 Rfb7 25. Kh1 a4 26. Bxd4 Nxd4 27. cxb5 Rxb5 28.
Qd1 Qxg5 29. Ne2 axb3 30. Nxd4 cxd4 31. axb3 Rxb3 32. Qf3 Rb1 33. Rxb1 Rxb1+
34. Nf1 Bg4 35. Qf2 Kh6 36. Qd2 Be5 37. Rf2 Qe3 38. Kg1 Bg3 0-1

[Event "4NCL Online Division 6"]
[Site "online"]
[Date "2020.11.03"]
[Round "6.34"]
[White "Tzanidakis, Michail"]
[Black "Oprea, Danny"]
[Result "1-0"]
[WhiteElo "1675"]
[BlackElo "1382"]
[PlyCount "85"]
[EventDate "2020.11.03"]
[WhiteTeam "Guildford Castles"]
[BlackTeam "Kent KJCA Kestrels E"]

1. e4 c5 2. Nf3 Nc6 3. d4 cxd4 4. Nxd4 g6 5. Nc3 Bg7 6. Be3 Nf6 7. f3 O-O 8.
Bc4 e6 9. Bb3 d5 10. Nxc6 bxc6 11. exd5 cxd5 12. Qd2 Ba6 13. Bh6 Bc4 14. Bxg7
Kxg7 15. Bxc4 dxc4 16. Qxd8 Raxd8 17. Ke2 Nd5 18. Nxd5 Rxd5 19. Rhd1 Rfd8 20.
Rxd5 Rxd5 21. b3 c3 22. Rd1 Re5+ 23. Kf2 Kf6 24. Rd3 Ra5 25. a4 Rc5 26. Rd7 a5
27. Ke3 Re5+ 28. Kd3 Re1 29. Kxc3 Re2 30. Rd2 Re3+ 31. Kc4 Re5 32. c3 Ke7 33.
b4 Rh5 34. h3 Rh4+ 35. Rd4 Rh5 36. b5 e5 37. Rd5 Rh4+ 38. g4 Rxh3 39. b6 Rh1
40. b7 Rb1 41. Rb5 Rxb5 42. Kxb5 Kd7 43. b8=Q 1-0

[Event "4NCL Online Division 6"]
[Site "online"]
[Date "2020.11.03"]
[Round "6.41"]
[White "Cooney, Brendan"]
[Black "Robins, Andrew"]
[Result "1/2-1/2"]
[WhiteElo "1818"]
[BlackElo "1750"]
[PlyCount "72"]
[EventDate "2020.11.03"]
[WhiteTeam "St Benildus C"]
[BlackTeam "Ashfield Anonymous D"]

1. e4 c6 2. d4 d5 3. Nc3 dxe4 4. Bc4 Nf6 5. f3 Bf5 6. Bg5 Qb6 7. Qd2 Nbd7 8.
O-O-O e6 9. Bxf6 Nxf6 10. g4 Bg6 11. g5 Nd5 12. Nxe4 Qb4 13. Qxb4 Bxb4 14. Rd3
Be7 15. h4 h6 16. h5 Bxe4 17. fxe4 Bxg5+ 18. Kb1 Nf4 19. Rf3 O-O-O 20. c3 Rd7
21. Nh3 Nxh3 22. Rhxh3 Kc7 23. e5 Rhd8 24. Rh1 b5 25. Bb3 a5 26. a3 Re7 27.
Rhf1 Rf8 28. a4 f5 29. exf6 gxf6 30. axb5 cxb5 31. Re1 Rfe8 32. Bc2 Kd6 33. Bd3
Rb8 34. Kc2 a4 35. Rff1 f5 36. Re2 Bf6 1/2-1/2

[Event "4NCL Online Division 6"]
[Site "online"]
[Date "2020.11.03"]
[Round "6.42"]
[White "Shaw, John S"]
[Black "Murray, Benjamin"]
[Result "1-0"]
[WhiteElo "1735"]
[BlackElo "1709"]
[PlyCount "51"]
[EventDate "2020.11.03"]
[WhiteTeam "Ashfield Anonymous D"]
[BlackTeam "St Benildus C"]

1. d4 d5 2. c4 e6 3. Nf3 Nf6 4. Nc3 c6 5. Bg5 Nbd7 6. e3 Qa5 7. cxd5 Nxd5 8.
Qd2 Bb4 9. Rc1 f6 10. Bh4 O-O 11. Bd3 N7b6 12. a3 Bxc3 13. bxc3 Qxa3 14. O-O
Qe7 15. e4 Nc7 16. Rfe1 Qf7 17. c4 Bd7 18. c5 Nc8 19. Rb1 b6 20. Bg3 Ne8 21.
Ba6 b5 22. Bb7 Ne7 23. Bxa8 Bc8 24. d5 exd5 25. exd5 cxd5 26. Bd6 1-0

[Event "4NCL Online Division 6"]
[Site "online"]
[Date "2020.11.03"]
[Round "6.43"]
[White "Willow, David"]
[Black "Hardman, Daniel"]
[Result "0-1"]
[WhiteElo "1728"]
[BlackElo "1675"]
[PlyCount "20"]
[EventDate "2020.11.03"]
[WhiteTeam "St Benildus C"]
[BlackTeam "Ashfield Anonymous D"]

1. e4 e6 2. d4 d5 3. e5 c5 4. c3 Nc6 5. Nf3 Qb6 6. Be2 cxd4 7. cxd4 Nh6 8. Bxh6
Qxb2 9. Nbd2 gxh6 10. Qb3 Qxa1+ 0-1

[Event "4NCL Online Division 6"]
[Site "online"]
[Date "2020.11.03"]
[Round "6.44"]
[White "Fraser, Chris"]
[Black "Putar, Slavko"]
[Result "1-0"]
[WhiteElo "1645"]
[BlackElo "1676"]
[PlyCount "71"]
[EventDate "2020.11.03"]
[WhiteTeam "Ashfield Anonymous D"]
[BlackTeam "St Benildus C"]

1. e4 e6 2. d3 d5 3. Qe2 Be7 4. Nf3 Nf6 5. e5 Nfd7 6. g3 c5 7. Bg2 O-O 8. O-O
Nc6 9. c4 Nb6 10. b3 f6 11. Bf4 fxe5 12. Nxe5 Bf6 13. Nd2 Nd4 14. Qd1 Nd7 15.
Re1 Nb6 16. Rc1 a5 17. Ndf3 Nf5 18. h4 a4 19. Ng5 Nd4 20. Rb1 Nd7 21. Nxe6 Nxe6
22. Nc6 bxc6 23. Rxe6 Nb8 24. Rd6 Qe8 25. cxd5 Be7 26. dxc6 Bxd6 27. Bxd6 Rf7
28. c7 Nc6 29. Bd5 Be6 30. Bxe6 Qxe6 31. Bf4 Ne5 32. Qe2 Re8 33. Re1 Nf3+ 34.
Kf1 Nxe1 35. Qxe6 Rxe6 36. c8=Q+ 1-0

[Event "4NCL Online Division 6"]
[Site "online"]
[Date "2020.11.03"]
[Round "6.51"]
[White "Bromilow, Edward T"]
[Black "Hughes, Mervyn"]
[Result "1-0"]
[WhiteElo "1870"]
[BlackElo "1952"]
[PlyCount "55"]
[EventDate "2020.11.03"]
[WhiteTeam "Ashfield Anonymous C"]
[BlackTeam "Broadland Falco Duboisi"]

1. e4 e6 2. d4 d5 3. exd5 exd5 4. Nf3 Bd6 5. c4 c6 6. Nc3 Ne7 7. Bd3 O-O 8. O-O
dxc4 9. Bxc4 Nd7 10. Ne4 Bc7 11. Bg5 Nb6 12. Bb3 Nbd5 13. a3 f6 14. Bd2 Bg4 15.
Re1 Qc8 16. Bb4 Kh8 17. h3 Bxh3 18. Bxe7 Bxg2 19. Bxd5 Qh3 20. Ng3 Rfe8 21. Ng5
fxg5 22. Bxg2 Qh4 23. d5 cxd5 24. Qxd5 Bb6 25. Qxg5 Qd4 26. Ne4 Qxb2 27. Bf6
Rg8 28. Bxb2 1-0

[Event "4NCL Online Division 6"]
[Site "online"]
[Date "2020.11.03"]
[Round "6.52"]
[White "Hughes, Roy"]
[Black "Graham, Neil"]
[Result "1-0"]
[WhiteElo "2029"]
[BlackElo "1847"]
[PlyCount "127"]
[EventDate "2020.11.03"]
[WhiteTeam "Broadland Falco Duboisi"]
[BlackTeam "Ashfield Anonymous C"]

1. d4 Nf6 2. Nf3 d5 3. Bf4 Bf5 4. e3 e6 5. Be2 Bd6 6. Bg3 O-O 7. Nbd2 c6 8. Ne5
Qc7 9. O-O Nbd7 10. f4 Ne4 11. Nxe4 Bxe4 12. Bd3 Bxd3 13. Nxd3 c5 14. c3 c4 15.
Nf2 Nf6 16. Bh4 Be7 17. Bxf6 Bxf6 18. Ng4 Be7 19. Rf3 f5 20. Nf2 Rf6 21. g4
fxg4 22. Nxg4 Rg6 23. Rg3 Bh4 24. Rg2 Qf7 25. Qc2 Qf5 26. Qxf5 exf5 27. Ne5
Rxg2+ 28. Kxg2 Bf6 29. Kf3 Rd8 30. Rh1 Rd6 31. h3 a5 32. a4 b5 33. axb5 Rb6 34.
Ra1 Rxb5 35. Ra2 Bd8 36. Nc6 Bc7 37. Ne7+ Kf7 38. Nxf5 Kf6 39. Ng3 g6 40. e4
Ke6 41. f5+ gxf5 42. e5 Bxe5 43. dxe5 Kxe5 44. Ne2 Rb6 45. Nf4 Ra6 46. Ra1 d4
47. Re1+ Kf6 48. cxd4 a4 49. Re3 Kf7 50. Ra3 Rb6 51. Rxa4 Rb3+ 52. Ke2 Rxb2+
53. Kd1 c3 54. Rc4 Rf2 55. d5 c2+ 56. Kc1 Ke7 57. h4 Kd6 58. Rc6+ Kd7 59. Nd3
Rh2 60. Ne5+ Ke8 61. Re6+ Kf8 62. d6 Rxh4 63. d7 Rd4 64. Re8+ 1-0

[Event "4NCL Online Division 6"]
[Site "online"]
[Date "2020.11.03"]
[Round "6.53"]
[White "Pettinger, Martin"]
[Black "Lim, Mark"]
[Result "1/2-1/2"]
[WhiteElo "1727"]
[BlackElo "1877"]
[PlyCount "32"]
[EventDate "2020.11.03"]
[WhiteTeam "Ashfield Anonymous C"]
[BlackTeam "Broadland Falco Duboisi"]

1. Nf3 Nf6 2. g3 d5 3. Bg2 e6 4. c4 Be7 5. O-O O-O 6. b3 Nbd7 7. cxd5 exd5 8.
Bb2 c6 9. d3 Re8 10. Nbd2 Nf8 11. Qc2 Ng6 12. e4 Bg4 13. h3 Bxf3 14. Nxf3 dxe4
15. dxe4 Qa5 16. Bc3 Qb6 1/2-1/2

[Event "4NCL Online Division 6"]
[Site "online"]
[Date "2020.11.03"]
[Round "6.54"]
[White "Badger, Paul"]
[Black "Morgan, Philip D"]
[Result "0-1"]
[WhiteElo "1750"]
[BlackElo "1787"]
[PlyCount "110"]
[EventDate "2020.11.03"]
[WhiteTeam "Broadland Falco Duboisi"]
[BlackTeam "Ashfield Anonymous C"]

1. e4 c5 2. c3 d5 3. exd5 Qxd5 4. Nf3 Nc6 5. Be2 Nf6 6. d4 e6 7. Na3 Qd8 8. Nc2
cxd4 9. Ncxd4 Be7 10. O-O O-O 11. Nxc6 bxc6 12. Nd4 Bb7 13. Bf3 Qd7 14. Bg5
Rfd8 15. Qa4 c5 16. Qxd7 Rxd7 17. Bxb7 Rxb7 18. Nc6 Nd5 19. Nxe7+ Nxe7 20. b3
f6 21. Be3 Rc8 22. c4 Nf5 23. Rfe1 e5 24. Rad1 Kf7 25. Rd5 Nd4 26. f4 Nc2 27.
Re2 Nd4 28. Rd2 Ke6 29. Kf2 Rd7 30. Rxd7 Kxd7 31. g3 Kc6 32. Rd1 Re8 33. Rd2 a5
34. fxe5 fxe5 35. Rd3 Rf8+ 36. Kg2 Rb8 37. Bxd4 cxd4 38. Kf3 Rf8+ 39. Ke4 Kd6
40. Rd2 g6 41. a3 Rf1 42. b4 Re1+ 43. Kd3 Re3+ 44. Kc2 Rxa3 45. Kb2 axb4 46.
Rf2 Kc5 47. Rf7 Kxc4 48. Rc7+ Kd3 49. Rb7 Rc3 50. Rxb4 Rc2+ 51. Kb1 Rxh2 52.
Rb7 e4 53. Rb3+ Kc4 54. Rb7 e3 55. Rc7+ Kd3 0-1

[Event "4NCL Online Division 6"]
[Site "online"]
[Date "2020.11.03"]
[Round "6.61"]
[White "Pert, Nina"]
[Black "Bray, David"]
[Result "0-1"]
[WhiteElo "1787"]
[BlackElo "2042"]
[PlyCount "80"]
[EventDate "2020.11.03"]
[WhiteTeam "Brentwood B"]
[BlackTeam "Braunstone"]

1. e4 c5 2. Nf3 e6 3. d4 cxd4 4. Nxd4 Nc6 5. Nxc6 bxc6 6. Bd3 d6 7. O-O Nf6 8.
Nc3 Be7 9. Kh1 O-O 10. f4 Qc7 11. Qf3 Bb7 12. Bd2 c5 13. b3 g6 14. Rae1 d5 15.
e5 d4 16. Ne4 Nxe4 17. Bxe4 Bxe4 18. Qxe4 Rac8 19. Rf3 Rfd8 20. Rh3 Qc6 21. Qe2
c4 22. Ba5 Rd5 23. f5 exf5 24. Qd2 Bf8 25. b4 Re8 26. Qf4 Qe6 27. Qh4 h6 28.
Bc7 g5 29. Qf2 Bxb4 30. Rb1 Bc5 31. Qe2 Rc8 32. Ba5 Rxe5 33. Qf1 Re8 34. Rf3 c3
35. Qd3 Re1+ 36. Rf1 Rxb1 37. Rxb1 Qe1+ 38. Qf1 Qxf1+ 39. Rxf1 Re2 40. h3 Rxc2
0-1

[Event "4NCL Online Division 6"]
[Site "online"]
[Date "2020.11.03"]
[Round "6.62"]
[White "Tang, Julian"]
[Black "Hughes, Gavin James"]
[Result "1-0"]
[WhiteElo "1840"]
[BlackElo "1773"]
[PlyCount "91"]
[EventDate "2020.11.03"]
[WhiteTeam "Braunstone"]
[BlackTeam "Brentwood B"]

1. e4 d6 2. Nf3 g6 3. Bc4 Bg7 4. O-O Nf6 5. d3 O-O 6. h3 a6 7. c3 b5 8. Bb3 c6
9. Bg5 Nbd7 10. Re1 Qc7 11. Nbd2 c5 12. Rc1 Bb7 13. Nf1 c4 14. Bc2 e5 15. Ng3
Nc5 16. Qd2 Rfe8 17. Rcd1 Rad8 18. Bxf6 Bxf6 19. Nh2 Ne6 20. Nf3 d5 21. Qh6 d4
22. dxc4 dxc3 23. bxc3 Qxc4 24. Bb3 Qxc3 25. Bxe6 Rxe6 26. Rc1 Qa5 27. Ng5 Bxg5
28. Qxg5 f6 29. Qg4 Red6 30. Nf5 R6d7 31. Re2 Kh8 32. Ng3 Rd1+ 33. Rxd1 Rxd1+
34. Kh2 Rd6 35. h4 Qd8 36. Rc2 Qd7 37. Qe2 Rd4 38. f3 a5 39. Qe3 Qd8 40. Qh6 b4
41. h5 g5 42. Nf5 Rd7 43. Rd2 Kg8 44. Qg7+ Rxg7 45. Rxd8+ Kf7 46. Rd7+ 1-0

[Event "4NCL Online Division 6"]
[Site "online"]
[Date "2020.11.03"]
[Round "6.63"]
[White "Molostvov, Dmitry M"]
[Black "Bingham, James T"]
[Result "1-0"]
[WhiteElo "1712"]
[BlackElo "1810"]
[PlyCount "133"]
[EventDate "2020.11.03"]
[WhiteTeam "Brentwood B"]
[BlackTeam "Braunstone"]

1. d4 Nf6 2. c4 g6 3. Nc3 d5 4. cxd5 Nxd5 5. e4 Nxc3 6. bxc3 Bg7 7. Bc4 c5 8.
Ne2 Nd7 9. O-O O-O 10. Be3 Nb6 11. Bb3 c4 12. Bc2 Bg4 13. f3 Bd7 14. Qd2 Re8
15. Bh6 e5 16. Bxg7 Kxg7 17. a4 Qc7 18. a5 Nc8 19. Rfd1 Ne7 20. d5 Bb5 21. Kh1
Rad8 22. f4 Nc6 23. d6 Qd7 24. Qd5 a6 25. f5 f6 26. Ba4 Bxa4 27. Rxa4 gxf5 28.
exf5 Qxf5 29. Rxc4 Qe6 30. d7 Qxd5 31. dxe8=N+ Kf7 32. Rxd5 Rxd5 33. Nc7 Rd1+
34. Ng1 Nxa5 35. Ra4 Nc6 36. g3 Rd3 37. c4 e4 38. Kg2 Rd7 39. Nd5 Nd4 40. Kf2
Nc2 41. Ra2 e3+ 42. Ke2 Nd4+ 43. Kxe3 Nf5+ 44. Kf2 Nd6 45. Nb6 Rc7 46. Rc2 Ke6
47. Nf3 Rc6 48. Nd4+ Ke5 49. Nxc6+ bxc6 50. Re2+ Kd4 51. Ra2 a5 52. Rxa5 Nb7
53. Rh5 Nd6 54. Rxh7 Kc5 55. Rh5+ Kxb6 56. c5+ Kc7 57. cxd6+ Kxd6 58. Rh6 Ke6
59. h4 c5 60. Rh8 Kd7 61. Rf8 Ke7 62. Rc8 Kd6 63. h5 Kd5 64. h6 Kd4 65. h7 c4
66. h8=Q Kd3 67. Qxf6 1-0

[Event "4NCL Online Division 6"]
[Site "online"]
[Date "2020.11.03"]
[Round "6.64"]
[White "Abubakar, Abdi"]
[Black "Willoughby, Christopher"]
[Result "0-1"]
[WhiteElo "1765"]
[BlackElo "1742"]
[PlyCount "108"]
[EventDate "2020.11.03"]
[WhiteTeam "Braunstone"]
[BlackTeam "Brentwood B"]

1. d4 d5 2. Nf3 Nf6 3. e3 Bg4 4. c4 c6 5. Nc3 e6 6. a3 a5 7. Na4 dxc4 8. Be2 b5
9. Nc3 Be7 10. Bd2 Nd5 11. Ne5 Bxe2 12. Qxe2 Bd6 13. O-O Nxc3 14. Bxc3 Bxe5 15.
dxe5 O-O 16. Rfd1 Qc7 17. Qf3 Nd7 18. Rd6 Rfc8 19. Qd1 Nc5 20. f4 Nd3 21. b3
Rd8 22. bxc4 bxc4 23. Rxd8+ Qxd8 24. Qa4 Qd5 25. Rd1 Qb5 26. Qc2 Rb8 27. a4 Qb6
28. Bd4 Qb3 29. Qxb3 Rxb3 30. Bb6 Rxb6 31. g3 g6 32. Rd2 c3 33. Rc2 Rb3 34. Kf1
Nb4 35. Rc1 c2 36. Ke2 Rb1 37. Kd2 Rxc1 38. Kxc1 Kg7 39. h4 h5 40. e4 c5 41.
Kd2 f6 42. exf6+ Kxf6 43. Kc1 e5 44. fxe5+ Kxe5 45. Kb2 Kxe4 46. g4 Kd3 47. g5
c1=Q+ 48. Kxc1 Na2+ 49. Kb2 Nc3 50. Kb3 Nxa4 51. Kxa4 c4 52. Ka3 c3 53. Ka2 c2
54. Kb2 Kd2 0-1

[Event "4NCL Online Division 6"]
[Site "online"]
[Date "2020.11.03"]
[Round "6.71"]
[White "Levy, Christopher A"]
[Black "Lampard, Alice"]
[Result "0-1"]
[WhiteElo "1870"]
[BlackElo "2005"]
[PlyCount "84"]
[EventDate "2020.11.03"]
[WhiteTeam "Hackney Hackers"]
[BlackTeam "Wells Globetrotters"]

1. d4 Nf6 2. Bf4 g6 3. Nc3 Bg7 4. e4 d5 5. e5 Ne4 6. Nxe4 dxe4 7. Bc4 Nc6 8.
Ne2 Bg4 9. c3 Na5 10. Bb5+ c6 11. Ba4 O-O 12. h3 Be6 13. O-O Bc4 14. Bc2 Bd5
15. b3 b5 16. Ng3 f5 17. exf6 exf6 18. Nxe4 Nb7 19. Qd3 f5 20. Nc5 Nxc5 21.
dxc5 Re8 22. Be3 b4 23. Bd4 Qg5 24. f3 Bxd4+ 25. cxd4 Re3 26. Qd2 f4 27. Bd3
Bxf3 28. Bc4+ Kg7 29. Qf2 Bxg2 30. Qxf4 Qxf4 31. Rxf4 Bxh3 32. Rf7+ Kh6 33. Kf2
Rc3 34. Re1 Bf5 35. Ree7 Rc2+ 36. Kg3 Kg5 37. Rxh7 Rxa2 38. d5 cxd5 39. Bxd5
Rd8 40. Re5 Kf6 41. Rhe7 Rxd5 42. Rxd5 Kxe7 0-1

[Event "4NCL Online Division 6"]
[Site "online"]
[Date "2020.11.03"]
[Round "6.72"]
[White "Strong, Chris M"]
[Black "Conway, Paul Bernard"]
[Result "1/2-1/2"]
[WhiteElo "1795"]
[BlackElo "1855"]
[PlyCount "118"]
[EventDate "2020.11.03"]
[WhiteTeam "Wells Globetrotters"]
[BlackTeam "Hackney Hackers"]

1. e4 e6 2. d4 d5 3. Nd2 Nf6 4. Bd3 c5 5. c3 cxd4 6. cxd4 dxe4 7. Nxe4 Bd7 8.
Nf3 Nxe4 9. Bxe4 Bb4+ 10. Kf1 Bc6 11. Bc2 Nd7 12. Be3 Bd6 13. Kg1 h6 14. Qd3
Bxf3 15. gxf3 a6 16. Rd1 Nf6 17. Ba4+ b5 18. Bc2 Rc8 19. a3 Qc7 20. Bb3 O-O 21.
Kg2 Rfd8 22. Rdg1 Bf4 23. Kh3 Nd5 24. Rg4 Kh8 25. Rhg1 Rg8 26. Rc1 Qd6 27. Bc2
f5 28. Rg6 Bxh2 29. Rh1 Nf4+ 30. Bxf4 Bxf4 31. Re1 Rge8 32. Bb3 Rc1 33. Rxc1
Bxc1 34. Qxf5 exf5 35. Rxd6 Bxb2 36. Bf7 Rf8 37. Bg6 Bxa3 38. Rxa6 b4 39. Rb6
Kg8 40. Kg2 Rf6 41. Rxf6 gxf6 42. Bxf5 Kf7 43. Kf1 Ke7 44. Ke2 Kd6 45. Kd3 Bb2
46. Kc4 Bc3 47. f4 Bd2 48. f3 Bxf4 49. Kxb4 Kd5 50. Kc3 h5 51. Kd3 h4 52. Be4+
Ke6 53. Ke2 h3 54. Kf2 h2 55. Kg2 Kd6 56. Kh1 Ke6 57. Kg2 Kd6 58. Kh1 Ke6 59.
Kg2 Kd6 1/2-1/2

[Event "4NCL Online Division 6"]
[Site "online"]
[Date "2020.11.03"]
[Round "6.73"]
[White "Figueroa, Edison"]
[Black "Goatcher, Matthew W"]
[Result "1-0"]
[WhiteElo "1862"]
[BlackElo "1675"]
[PlyCount "79"]
[EventDate "2020.11.03"]
[WhiteTeam "Hackney Hackers"]
[BlackTeam "Wells Globetrotters"]

1. e4 Nf6 2. e5 Nd5 3. c4 Nb6 4. c5 Nd5 5. Nc3 e6 6. Qg4 d6 7. Nf3 dxe5 8. Nxe5
Nf6 9. Qg3 g6 10. Bb5+ c6 11. Bc4 Bxc5 12. a3 O-O 13. O-O Bd6 14. d4 Qc7 15.
Re1 Nbd7 16. Bh6 Nh5 17. Qg5 Nxe5 18. dxe5 Be7 19. Qe3 Ng7 20. Qh3 a6 21. Ne4
Rd8 22. Nf6+ Bxf6 23. exf6 Nf5 24. Re4 Nd6 25. Bf4 Qb6 26. Bxd6 Qxb2 27. Be5
Qd2 28. Re3 Kh8 29. Qh6 Rg8 30. Rh3 Qxh6 31. Rxh6 b5 32. Bb3 c5 33. Rd1 c4 34.
Rd4 g5 35. Bc2 Re8 36. Bxh7 Ra7 37. Bc2+ Kg8 38. Rg4 Rd8 39. Rxg5+ Kf8 40. Rh8#
1-0

[Event "4NCL Online Division 6"]
[Site "online"]
[Date "2020.11.03"]
[Round "6.74"]
[White "Johnson, RN Phil"]
[Black "Reilly, Gerhard"]
[Result "0-1"]
[WhiteElo "1622"]
[BlackElo "1787"]
[PlyCount "114"]
[EventDate "2020.11.03"]
[WhiteTeam "Wells Globetrotters"]
[BlackTeam "Hackney Hackers"]

1. d4 Nf6 2. Nf3 e6 3. Bg5 h6 4. Bh4 c5 5. c3 Nc6 6. e3 g5 7. Bg3 Ne4 8. Nbd2
Nxg3 9. hxg3 d5 10. Rc1 a6 11. Qb3 b5 12. a4 c4 13. Qc2 b4 14. e4 b3 15. Qd1
Ne7 16. Nxg5 Ng6 17. f4 hxg5 18. Rxh8 Nxh8 19. Qh5 Ng6 20. fxg5 Bb7 21. e5 Qd7
22. Ra1 O-O-O 23. Qd1 Qe7 24. Nf3 Bg7 25. Qd2 Rh8 26. Kf2 Rh1 27. Qc1 Qe8 28.
a5 Bf8 29. Qb1 Be7 30. Qc1 Bd8 31. Ra3 Be7 32. Ra1 Qh8 33. Qd2 Bd8 34. Qc1 Qg7
35. Ra3 Be7 36. Ra1 Bd8 37. Ra3 Ne7 38. g4 Nc6 39. g3 Nxa5 40. Rxa5 Bxa5 41.
Nh4 Bd8 42. Kg2 Bxg5 43. Qa1 Bxh4 44. Kxh1 Bxg3 45. Bh3 Qh7 46. Kg2 Bf4 47. Qa3
Qe4+ 48. Kf2 Qe3+ 49. Kg2 Qg3+ 50. Kf1 Qxh3+ 51. Ke2 Qxg4+ 52. Kf1 Qh3+ 53. Ke2
Qg2+ 54. Ke1 Bg3+ 55. Kd1 Qf3+ 56. Kd2 Qf2+ 57. Kd1 Qe1# 0-1

[Event "4NCL Online Division 6"]
[Site "online"]
[Date "2020.11.03"]
[Round "6.81"]
[White "Murphy, Conor E"]
[Black "McKeown, Paul"]
[Result "1-0"]
[WhiteElo "2395"]
[BlackElo "2093"]
[PlyCount "63"]
[EventDate "2020.11.03"]
[WhiteTeam "Charlton Cobras"]
[BlackTeam "Cavan Crusaders"]

1. e4 Nf6 2. e5 Nd5 3. d4 d6 4. Nf3 dxe5 5. Nxe5 c6 6. Be2 Bf5 7. O-O e6 8. c4
Nf6 9. Nc3 Nbd7 10. Nf3 Qc7 11. Nh4 Bd6 12. Nxf5 exf5 13. g3 O-O 14. c5 Be7 15.
Bf4 Qd8 16. Qc2 g6 17. Qb3 Qc8 18. Bh6 Rd8 19. Bc4 b6 20. Bxf7+ Kh8 21. Rfe1
Bf8 22. Bxf8 Rxf8 23. cxb6 Nxb6 24. Be6 Qd8 25. Rad1 Rb8 26. Qa3 Nbd5 27. Bxd5
Nxd5 28. Nxd5 Qxd5 29. Re5 Qg8 30. Re7 a5 31. d5 cxd5 32. Qc3+ 1-0

[Event "4NCL Online Division 6"]
[Site "online"]
[Date "2020.11.03"]
[Round "6.82"]
[White "Casinelli, Davide"]
[Black "Morris, David"]
[Result "0-1"]
[WhiteElo "1600"]
[BlackElo "1915"]
[PlyCount "172"]
[EventDate "2020.11.03"]
[WhiteTeam "Cavan Crusaders"]
[BlackTeam "Charlton Cobras"]

1. e4 c5 2. Nc3 Nc6 3. g3 g6 4. Bg2 Bg7 5. d3 d6 6. Be3 Rb8 7. a4 e6 8. Qd2 a6
9. Nge2 Nd4 10. O-O Ne7 11. Nd1 O-O 12. Rc1 b5 13. axb5 axb5 14. Nxd4 cxd4 15.
Bh6 b4 16. Bxg7 Kxg7 17. c3 dxc3 18. bxc3 Qa5 19. Ne3 bxc3 20. Qxc3+ Qxc3 21.
Rxc3 e5 22. Rc7 Rb7 23. Rfc1 Rxc7 24. Rxc7 Kf6 25. g4 h6 26. h4 g5 27. hxg5+
hxg5 28. Bf1 Be6 29. Kg2 Rc8 30. Rxc8 Nxc8 31. Kf3 Na7 32. Nc2 Nc6 33. Be2 Bb3
34. Ne1 Nd4+ 35. Ke3 Be6 36. Bd1 Ke7 37. f3 f6 38. Nc2 Nb5 39. d4 Bb3 40. dxe5
dxe5 41. Kd2 Bxc2 42. Bxc2 Kd6 43. Bd3 Nd4 44. Ke3 Kc5 45. Bb1 Kc4 46. Bd3+ Kc3
47. Bb1 Nb5 48. Bd3 Na3 49. Ke2 Nc2 50. Ba6 Kd4 51. Kd2 Ne3 52. Bd3 Ng2 53. Bf1
Nf4 54. Ba6 Ne6 55. Bd3 Nc5 56. Bc2 Kc4 57. Bd1 Ne6 58. Be2+ Kb4 59. Bd1 Nc5
60. Bc2 Kc4 61. Bd1 Kd4 62. Bc2 Nd7 63. Ba4 Nb6 64. Bb3 Nd7 65. Ba4 Nc5 66. Bc2
Ne6 67. Bd1 Nf4 68. Bc2 Ng2 69. Bd3 Ne3 70. Be2 Ng2 71. Bd3 Nh4 72. Be2 Ng6 73.
Bd1 Kc4 74. Be2+ Kb3 75. Bd1+ Kb2 76. Ba4 Ne7 77. Bb5 Nc8 78. Bd7 Nd6 79. Be6
Nb5 80. Bc4 Nd4 81. Ke3 Kc2 82. Kf2 Kd2 83. Bf1 Ne6 84. Bc4 Nf4 85. Bf1 Nd3+
86. Kg3 Ke3 0-1

[Event "4NCL Online Division 6"]
[Site "online"]
[Date "2020.11.03"]
[Round "6.83"]
[White "Bazan, Mateusz"]
[Black "Nugent, Brian"]
[Result "0-1"]
[WhiteElo "1660"]
[BlackElo "1650"]
[PlyCount "122"]
[EventDate "2020.11.03"]
[WhiteTeam "Charlton Cobras"]
[BlackTeam "Cavan Crusaders"]

1. d4 d5 2. c4 dxc4 3. e4 e5 4. d5 b5 5. b3 Qh4 6. Qc2 Nf6 7. bxc4 bxc4 8. Bxc4
Qxe4+ 9. Qxe4 Nxe4 10. Nf3 Bd6 11. Bb2 Nd7 12. Nbd2 Nef6 13. O-O O-O 14. Rfe1
Re8 15. Bb3 Bb7 16. Nc4 Bb4 17. Red1 e4 18. Nfe5 Nc5 19. Bc2 Nxd5 20. a3 Bc3
21. Bxc3 Nxc3 22. Rd2 Rad8 23. Rxd8 Rxd8 24. Na5 Ba8 25. Nec6 Rd2 26. Nb4 e3
27. fxe3 Rxg2+ 28. Kf1 Rxh2 29. Re1 Bg2+ 30. Kg1 Rh1+ 31. Kf2 N5e4+ 32. Bxe4
Nxe4+ 33. Ke2 Nc3+ 34. Kd2 Rxe1 35. Kxe1 Nb5 36. Nc4 a5 37. Nxa5 Nxa3 38. Kf2
Be4 39. Nac6 h5 40. Ne5 c5 41. Nbd3 c4 42. Nc5 Bh7 43. Nf3 c3 44. Ke2 c2 45.
Kd2 Nc4+ 46. Kc1 Nxe3 47. Nd7 Ng2 48. Nh2 Nf4 49. Ne5 Ne2+ 50. Kd2 c1=Q+ 51.
Kxe2 Qb2+ 52. Kf3 Qxe5 53. Nf1 h4 54. Kg2 Bf5 55. Nh2 h3+ 56. Kg1 g5 57. Nf3
Qg3+ 58. Kf1 Qxf3+ 59. Ke1 Qg2 60. Kd1 h2 61. Kc1 h1=Q# 0-1

[Event "4NCL Online Division 6"]
[Site "online"]
[Date "2020.11.03"]
[Round "6.84"]
[White "Flynn-Connolly, Ruairi"]
[Black "Jones, Humphrey C N"]
[Result "1-0"]
[WhiteElo "1675"]
[BlackElo "1622"]
[PlyCount "77"]
[EventDate "2020.11.03"]
[WhiteTeam "Cavan Crusaders"]
[BlackTeam "Charlton Cobras"]

1. e4 e6 2. c4 d5 3. cxd5 exd5 4. exd5 Nf6 5. Bc4 Bg4 6. f3 Bd7 7. Qb3 Na6 8.
d4 Qe7+ 9. Ne2 Qb4+ 10. Qc3 b5 11. Bb3 Qxc3+ 12. bxc3 Bd6 13. Nd2 O-O 14. Ne4
Be7 15. Bg5 Rfe8 16. Nxf6+ Bxf6 17. Bxf6 gxf6 18. Kd2 Rad8 19. Nf4 Bc8 20. Rhe1
Rxe1 21. Rxe1 Kf8 22. a4 b4 23. c4 c6 24. c5 cxd5 25. Nxd5 Nxc5 26. dxc5 Be6
27. Re3 Rxd5+ 28. Bxd5 Bxd5 29. Rd3 Bc6 30. a5 a6 31. Rb3 Ke7 32. Rxb4 Ke6 33.
Rb6 Kd5 34. Rxa6 Kxc5 35. Ra7 Kb5 36. Rxf7 Kxa5 37. Rxh7 Kb5 38. Rh5+ Kc4 39.
Rf5 1-0